<La> posición de la mujer en la España musulmana desde la perspectiva de la novela Soraya bakalárska práca

Na minha lista:
Detalhes bibliográficos
Autor principal: Bielekova, Sandra
Autor Corporativo: Fakulta aplikovaných jazykov EU v Bratislave. Katedra románskych a slovanských jazykov
Outros Autores: Sánchez Presa, Mónica
Formato: Livro
Idioma:espanhol
Publicado em: Bratislava 2016
Tags: Adicionar Tag
Sem tags, seja o primeiro a adicionar uma tag!

MARC

LEADER 00000nbm a2200000 4500
001 0217481
005 20170130094152.8
041 0 |a spa 
044 |a SK 
245 1 0 |a <La> posición de la mujer en la España musulmana desde la perspectiva de la novela Soraya  |b bakalárska práca  |c Sandra Bielekova ; školiteľ: Mónica Sánchez Presa 
264 1 |a Bratislava  |c 2016 
300 |a 40 s. 
100 1 |a Bielekova, Sandra 
700 1 |a Sánchez Presa, Mónica 
710 2 |a Fakulta aplikovaných jazykov EU v Bratislave. Katedra románskych a slovanských jazykov